Normal view
MARC view
Entry Topical Term
001 - CONTROL NUMBER
- control field: 4639
003 - CONTROL NUMBER IDENTIFIER
- control field: OSt
005 - DATE AND TIME OF LATEST TRANSACTION
- control field: 20211105132554.0
008 - FIXED-LENGTH DATA ELEMENTS
- fixed length control field: 211105|| aca||aabn | a|a d
040 ## - CATALOGING SOURCE
- Original cataloging agency: OSt
- Transcribing agency: OSt
150 ## - HEADING--TOPICAL TERM
- Topical term or geographic name entry element: Engineering computation
670 ## - SOURCE DATA FOUND
- Source citation: Work cat.: (OSt): Ellis, John P. 4638, The theory and operation of the slide rule, 1961